00342nam a2200145Ia 4500008004100000020001500041082001600056100001500072245001900087250000800106260002900114300001100143500002400154650001800178230524s9999 xx 000 0 und d a0140243518 a510.13bAOL aBill Gates 4aThe Road Ahead a2ND aNEW DELHIbPenguinc1994 aIX;290 aQuantity Number: 3 aMiscellaneous